Estadísticas para 15 principales países afectados por Covid19 - 7 julio 2021

Haz click aquí para intentar la prueba.

Estadísticas generales

  • Esta prueba ha sido intentada 4 veces
  • La puntuación promedio es 20 de 27

Estadísticas de respuestas

país% Correcto
Alemania
100%
Argentina
100%
Brasil
100%
Colombia
100%
España
100%
Estados Unidos
100%
Francia
100%
India
100%
Italia
100%
México
100%
Reino Unido
100%
Rusia
100%
Suecia
100%
Chequia
75%
Irán
75%
Polonia
75%
Turquía
75%
Bélgica
50%
Eslovenia
50%
Estonia
50%
Israel
50%
Lituania
50%
Países Bajos
50%
Baréin
25%
Georgia
25%
Panamá
25%
Uruguay
0%

Distribución de puntuación

Porcentaje por número respondido

Porcentaje de gente con cada puntuación

Historial de tus puntuaciones

No has intentado esta prueba.